000
00282nam a2200121Ia 4500
008
241002s9999 xx 000 0 und d
082
_a
808.3 ELS
100
_a
Elsa, Kazi
245
0
_a
Old English Garden Medicine
260
_a
Karachi:
_c
1952
600
_a
Literature
942
_c
UC
999
_c
18939
_d
18939